|
|
|
|
| LEADER |
00824nam a22002172a 4500 |
| 001 |
000371840 |
| 003 |
CZ BrMZK |
| 005 |
20041006142243.0 |
| 008 |
920101s1984 xr f cze d |
| 040 |
|
|
|a BOA001
|b cze
|
| 080 |
|
|
|a 624.011.1(083.7)
|2 MRF
|
| 100 |
1 |
|
|a Straka, Bohumil
|7 jk01121301
|4 aut
|
| 245 |
1 |
0 |
|a Uplatnění nové normy ČSN 731701 při navrhování dřevěných stavebních konstrukcí /
|c Bohumil Straka, Pavel Kristián.
|
| 260 |
|
|
|a Brno :
|b Drupos,
|c 1984
|
| 300 |
|
|
|a 20 s.
|
| 580 |
|
|
|a Příl. k Technickoekonomickým informacím Druposu, č. 6/1984
|
| 700 |
1 |
|
|a Kristián, Pavel,
|d 1952-
|7 xx0030380
|
| 787 |
1 |
8 |
|t Technickoekonomické informace Druposu
|
| 910 |
|
|
|a BOA001
|b TK-A-0222.566
|
| 990 |
|
|
|a BK
|
| 996 |
7 |
|
|b 2629977560
|c TK-A-0222.566
|l MZK
|r Sklad / do 24 hodin
|n 9
|w 000371840
|u 000010
|a 1
|e BOA001
|j MZK50
|s A
|